| 000 | 00664nam a2200265Ia 4500 | ||
|---|---|---|---|
| 008 | 160803s9999 xx 000 0 und d | ||
| 020 | _a9781589250505 | ||
| 100 | _aGalloway, Ruth | ||
| 245 | _aClumsy crab / | ||
| 245 | _cby Ruth Galloway. | ||
| 260 | _aNew York : | ||
| 260 | _bScholastic Inc. | ||
| 260 | _c2005 | ||
| 300 | _a1 volume (unpaged) : | ||
| 300 | _bcolor illustrations ; | ||
| 300 | _c24 x 28 cm | ||
| 650 | _aCrabs -- | ||
| 650 | _aMarine animals -- | ||
| 650 | _aSelf-acceptance -- | ||
| 650 | _aSelf-acceptance -- Fiction. | ||
| 650 | _xFiction. | ||
| 650 | _xFiction. | ||
| 650 | _xJuvenile fiction. | ||
| 700 | _a680 | ||
| 999 |
_c299970 _d299970 |
||